Contemporary Issues in Sustainable Finance Creating an Efficient Market through Innovative Policies and Instruments

Saved in:
Bibliographic Details
Other Authors: La Torre, Mario, Chiappini, Helen
Format: Book
Language:English
Published: Cham Palgrave Macmillan 2020
Subjects:
Tags: Add Tag
No Tags, Be the first to tag this record!

MARC

LEADER 00000nam a2200000 4500
001 0280038
005 20241025135326.5
020 |a 978-3-030-40247-1 
041 0 |a eng 
044 |a CH 
245 1 0 |a Contemporary Issues in Sustainable Finance  |b Creating an Efficient Market through Innovative Policies and Instruments  |c Editors: Mario La Torre, Helen Chiappini 
264 1 |a Cham  |b Palgrave Macmillan  |c 2020 
300 |a 292 s. 
610 2 0 |a financie 
610 2 0 |a financie udržateľné 
610 2 0 |a investície 
610 2 0 |a trh 
610 2 0 |a politika inovačná 
610 2 0 |a rozvoj trvalo udržateľný 
610 2 0 |a environmentalistika 
610 2 0 |a zmeny klimatické 
610 2 0 |a politika environmentálna 
610 2 0 |a politika ekologická 
700 1 |a La Torre, Mario 
700 1 |a Chiappini, Helen